Bocetos para una centuria: desafíos y oportunidades del siglo XXI
Saved in:
| Format: | Bog |
|---|---|
| Sprog: | spansk |
| Udgivet: |
La Serena
Bitrania
2002
|
| Fag: | |
| Tags: |
Tilføj Tag
Ingen Tags, Vær først til at tagge denne postø!
|
MARC
| LEADER | 00000nam a2200000 a 4500 | ||
|---|---|---|---|
| 001 | UCM7795 | ||
| 003 | CL-VaPUC | ||
| 008 | 030110e20020000CL |||||||||||||||||spa|d | ||
| 082 | 0 | 4 | |a 303 |b BOC |2 21 |
| 245 | 1 | 0 | |a Bocetos para una centuria: desafíos y oportunidades del siglo XXI |
| 246 | 1 | 0 | |a Ciclo de conferencias 1999 |
| 300 | |a 108 p | ||
| 942 | |c BK | ||
| 945 | |d 20030110 00:00:00 |a cmena | ||
| 260 | |a La Serena |b Bitrania |c 2002 | ||
| 500 | |a En: Revista Bitrania, Año 2, vol.1, 2002 | ||
| 650 | 0 | |a Desarrollo social |9 264534 | |
| 650 | 0 | |a Cambio social |9 256857 | |
| 650 | 0 | |a Políticas públicas |9 309677 | |
| 650 | 0 | |a Sociología del conocimiento |9 308651 | |
| 650 | 0 | |a Desarrollo científico |9 259799 | |
| 650 | 0 | |a Desarrollo sustentable |9 333905 | |
| 651 | 7 | |a CHILE |2 CL-VaPUC |9 473421 | |
| 583 | |a last modification |c 20030110 00:00:00 |k Rodrigo Vera | ||
| 999 | |c 302464 |d 302462 | ||
| 952 | |0 0 |1 0 |4 0 |6 303_000000000000000_BOC_2002 |7 0 |8 A |9 363048 |a BIBGIM |b BIBGIM |d 2019-11-21 |i 3872947 |o 303 BOC 2002 |p 3872947 |r 2025-01-15 |w 2019-11-21 |y BK |k GIM | ||